| 000 | 00600nam a2200193Ia 4500 | ||
|---|---|---|---|
| 005 | 20250508170111.0 | ||
| 008 | 008 250505s9999 xx 000 0 eng d | ||
| 037 | _aTheses | ||
| 040 |
_aFEDL _beng _cFEDL |
||
| 041 |
_aeng _2eng |
||
| 084 |
_a370.19, TRI/TH _qFEDL |
||
| 100 |
_aTripathi Shikha _9555844 |
||
| 245 | 0 | _aStudy of sixth grade children's response to literature representing the low socio- economic status | |
| 260 | _c2019 | ||
| 300 | _a196p. | ||
| 546 | _aPh.D Thesis (Delhi University); C D Included | ||
| 942 |
_cTH _h370.19, TRI/TH |
||
| 999 |
_c1399212 _d1399212 |
||